01192 a2200205 4500003000500000005001700005040000900022082001400031100002800045245005600073260002900129300001100158505037000169650003600539942002300575999001900598952012300617952012300740952012300863NUST20221229170801.0 cNust a356.1,ATT aM.Attiqur Rahman948856 aReflections on infantry /cLt Gen M. Attiqur Rahman aKarachibWajidalisc1978 a95 p.; aIntroduction (Page-1), Basic Infantry Postulates and Characteristics (Page-9), Future Infantry Tactics- The Attack and the Defence (Page-28), One Tactical Policy (Page-37), Human Nature and Soldier (Page-46), The Spirit of the Infantry (Page-57), Discipline-A Look Into the Future (Page-67), Training for our Future Infantry (Page-78), Infantry Reforms (Page-90).  aReflections on infantry9106433 2ddccBKk356.1,ATT c185602d185602 00102ddc4070aMCSbMCScGENd2016-12-12o356.1,ATTpMCS21512r2016-12-08w2016-12-12yBKzAlmirah No.53, Shelf No.4 00102ddc4070aMCSbMCScGENd2016-12-12o356.1,ATTpMCS21698r2016-12-08w2016-12-12yBKzAlmirah No.74, Shelf No.2 00102ddc4070aMCSbMCScGENd2016-12-12o356.1,ATTpMCS21937r2016-12-08w2016-12-12yBKzAlmirah No.74, Shelf No.2